भागवत विमर्श: (Record no. 1308378)

MARC details
000 -LEADER
fixed length control field 01060nam a22002297a 4500
005 - DATE AND TIME OF LATEST TRANSACTION
control field 20250402103407.0
008 - FIXED-LENGTH DATA ELEMENTS--GENERAL INFORMATION
fixed length control field 250402b |||||||| |||| 00| 0 eng d
020 ## - INTERNATIONAL STANDARD BOOK NUMBER
International Standard Book Number 978-81-909463-0-8 (hbk)
037 ## - SOURCE OF ACQUISITION
Terms of availability TB
040 ## - CATALOGING SOURCE
Original cataloging agency CRL
Transcribing agency CRL
041 ## - LANGUAGE CODE
Source of code hin
Language code of text/sound track or separate title hin
Language code of original san
084 ## - COLON CLASSIFICATION NUMBER
Classification number R65,6:g 152Q0
Assigning agency CRL
100 ## - MAIN ENTRY--PERSONAL NAME
Personal name भारद्वाज, सुधीकान्त
245 ## - TITLE STATEMENT
Title भागवत विमर्श:
Remainder of title सप्ताह क्रम से कथासार एवं तात्विक विवेचन
260 ## - PUBLICATION, DISTRIBUTION, ETC.
Place of publication, distribution, etc. दिल्ली, भारत:
Name of publisher, distributor, etc. भारद्वाज इंटरनेशनल पब्लिशर्स,
Date of publication, distribution, etc. 2010,
300 ## - PHYSICAL DESCRIPTION
Extent 440पृ0
365 ## - TRADE PRICE
Price amount 700.00
Currency code INR
546 ## - LANGUAGE NOTE
Language note Translated from Sanskrit to Hindi
650 ## - SUBJECT ADDED ENTRY--TOPICAL TERM
Topical term or geographic name entry element भागवत गीता
942 ## - ADDED ENTRY ELEMENTS (KOHA)
Source of classification or shelving scheme Colon Classification (CC)
Koha item type Textbook
Classification part R65,6:g 152Q0
Suppress in OPAC No
Holdings
Withdrawn status Lost status Source of classification or shelving scheme Damaged status Not for loan Home library Current library Date acquired Source of acquisition Cost, normal purchase price Inventory number Total Checkouts Full call number Barcode Date last seen Price effective from Koha item type
    Colon Classification (CC)     Central Library Central Library 2025-04-02 ईस्टर्न बुक लिंकर्स 700.00 119 & 2025-01-22   R65,6:g 152Q0 CL1682687 2025-04-02 2025-04-02 Textbook
Copyright @ Delhi University Library System